| 000 | 00470nam a2200169Ia 4500 | ||
|---|---|---|---|
| 003 | LDD | ||
| 008 | 190117s9999 xx 000 0 und d | ||
| 020 |
_a8170280893 _c₹30 |
||
| 040 | _cLDD | ||
| 041 | _ahi | ||
| 082 | _a8H3.7 च 6269 मे | ||
| 100 | _aयशपाल | ||
| 245 | 0 |
_aमेरी प्रिय कहानियाँ _cयशपाल |
|
| 260 |
_aदिल्ली _bराजपाल _c1990 |
||
| 300 | _a145प्र. | ||
| 942 |
_2ddc _cH |
||
| 999 |
_c167586 _d167586 |
||